antimicrobial rrsistance of escherichia coli (E.COLI) In pig of smallholder farmer at thmakoul diatrict battambang province ភានសុំាអឺកូលីទល់និង​ឪសថទីប្យូទិចលើជ្រូកចិញ្ចឹមជាលក្ខណះគ្រួសារ នៅស្រុកថ្មគោ ខេត្តបាត់ដំបង (Record no. 18302)

000 -LEADER
fixed length control field 00772nam a22001337a 4500
040 ## - CATALOGING SOURCE
Transcribing agency RUA
082 ## - DEWEY DECIMAL CLASSIFICATION NUMBER
Classification number AVM CHA 2018 B649 Or.1
100 ## - MAIN ENTRY--AUTHOR NAME
Personal name CHAN ROTHANA ចាន់​ រដ្ឋណា
245 ## - TITLE STATEMENT
Title antimicrobial rrsistance of escherichia coli (E.COLI) In pig of smallholder farmer at thmakoul diatrict battambang province ភានសុំាអឺកូលីទល់និង​ឪសថទីប្យូទិចលើជ្រូកចិញ្ចឹមជាលក្ខណះគ្រួសារ នៅស្រុកថ្មគោ ខេត្តបាត់ដំបង
260 ## - PUBLICATION, DISTRIBUTION, ETC. (IMPRINT)
Place of publication RUA
Name of publisher Phnom Penh
Year of publication 2018
300 ## - PHYSICAL DESCRIPTION
Number of Pages ix;31p
Other physical details ill;
Dimensions 29cm
856 ## - ELECTRONIC LOCATION AND ACCESS
Uniform Resource Identifier https://drive.google.com/file/d/1hDsIc96L7aAzwwDbUgY3pfM2IubMhGjr/view?usp=sharing
942 ## - ADDED ENTRY ELEMENTS (KOHA)
Koha item type AVM
952 ## - LOCATION AND ITEM INFORMATION (KOHA)
Withdrawn status [LOCAL, KOHA] 0
952 ## - LOCATION AND ITEM INFORMATION (KOHA)
Withdrawn status [LOCAL, KOHA] 0
952 ## - LOCATION AND ITEM INFORMATION (KOHA)
Withdrawn status [LOCAL, KOHA] 0
952 ## - LOCATION AND ITEM INFORMATION (KOHA)
Withdrawn status [LOCAL, KOHA] 0
952 ## - LOCATION AND ITEM INFORMATION (KOHA)
Withdrawn status [LOCAL, KOHA] 0
952 ## - LOCATION AND ITEM INFORMATION (KOHA)
Withdrawn status [LOCAL, KOHA] 0
Holdings
Permanent Location Date acquired Koha item type Lost status Barcode Shelving location Current Location Full call number
Library Block B2019-10-16AVM A43106 Library Block BAVM CHA 2018 B649 Or.1
Library Block B2019-10-16AVM A43181B649Library Block BAVM CHA 2018 B649 Or.2
Library Block B2019-10-16AVM A43256B649Library Block BAVM CHA 2018 B649 Or.3
Library Block B2019-10-16AVM A43581B649Library Block BAVM CHA 2018 B649 Or.4
Library Block B2019-10-16AVM A43351B649Library Block BAVM CHA 2018 B649 Or.5
Library Block B2019-10-16AVM A43571B649Library Block BAVM CHA 2018 B649 Or.6
មជ្ឈមណ្ឌលឯការនៃសាកលវិទ្យាល័យភូមិន្ទកសិកម្មចំការដូង

Powered by Koha